00688nam a2200217Ia 4500003000900000008004100009020001800050040001600068080001800084245009400102260004200196300001500238650002700253650004000280650001700320650003000337650003100367700002600398700002300424700002300447IN-BaIIA211028s9999 xx 000 0 eng d a90-277-1805-9 cIIA Library a531.5:51bMAT 0aMathematical aspects of superspacecedited by H.-J. Seifert, C.J.S. Clarke, A. Rosenblum. aDodrrechtbD. Reidel Publishingc1984 axii, 214p. aGauge fields (Physics) aGauge fields (Physics) - congresses aSupergravity aSupergravity - congresses aSupersymmetry - congresses aClarke, C. J. S., ed. aRosenblum, A., ed. aSeifert H. J., ed.